000 00530nam a2200217Ia 4500
003 OSt
005 20220928140614.0
006 a|||||r|||| 00| 0
007 ta
008 220927b |||||||| |||| 00| 0 eng d
024 _a9872
037 _cTextual
040 _aSDCL
_cSDCL
_beng
041 _2eng
_aeng
082 _aX:77.1'N8, M8
100 _aBalassa Bela
245 0 _aEssays in development strategy
260 _c1988
942 _hX:77.1'N8, M8
_cTEXL
_2CC
999 _c812479
_d812479